City Satellite Picture Quiz 1 - Statistics

General Stats
  • This quiz has been taken 63 times
    28 since last reset
  • The average score is 15 of 16
Answer Stats
Picture Hint Answer % Correct
Ireland Dublin
100%
England London
100%
Mexico Mexico City
100%
France Paris
100%
Turkey Istanbul
96%
USA New York City
96%
Japan Tokyo
96%
Italy Venice
96%
Egypt Cairo
91%
South Africa Cape Town
91%
Cuba Havana
91%
Philippines Manila
91%
Scotland Edinburgh
87%
India New Delhi
83%
USA Honolulu
74%
USA Tampa
70%
No matching quizzes found
Score Distribution
Percent of People with Each Score
Percentile by Number Answered
Your Score History
You have not taken this quiz since the last reset